01409nam a2200337 a 4500001001000000003000500010005001700015008004100032010001100073011001100084040000900095090001000104100003600114245010000150260004100250500006000291502010600351590004000457590004000497650003800537650004000575650003700615650004100652856007000693901000700763942001000770942000600780999001900786952013100805952013500936000113280CHAP20220329144347.0170531s2016 mx sm |||||||spa d a109741 a110713 cCHAP aTesis1 aJiménez Acosta, Eliut913241710aActividad estral de ovejas criollas en confinamientoh[En línea]cpor Eliut Jiménez Acosta. aChapingo, Méx. :bEl autor,c2016. aPara ver el contenido del material haga clic en la liga aTesis (Ing. Agr. Esp. en Zootecnia) -- UACH. Departamento de Enseñanza Investigación en Zootecnia aE5765TAJb05c20170531lUCH01h0857 aE5765TAJb05c20170531lUCH01h085714aGanado lanarxAlojamiento.94515414aGanado lanarxCiclo estral.913241814aGanado lanarxFecundidad.94518114aGanado lanarxReproducción.945220 aFinding aiduhttp://10.13.5.2/tesis/sist113280.pdfzTeclea aquí aBK cTESIS n0 c109741d109741 00104054718TESISaBCbBCd2017-05-31fTESISl0oTesisp113282-10r2019-12-31 00:00:00w2019-12-31yTESISzRecien adquirido 00102local4053708TESISaBCbBCcPA_TESISd2017-05-31fTESISl0oTesisp113282-20r2019-12-31 00:00:00tc.2w2019-12-31yTESIS